000 01538nem0a2200337 4500
001 RU\NLR\cart\8338
005 20250614031159.0
035 _a(NLR Aleph) 010295915
090 _a10570792
_c10570792
100 _a20130328d2012 |||y0rusy50 ca
101 0 _afre
102 _aRU
120 _aayy xx||
123 0 _aa
200 1 _aЖурналы осад и оборон крепостей французской армии на Пиренейском полуострове с 1807 по 1814 год
_bКарты
_eАтлас
_fЖак Бельма
_gОтв. ред. Я.С. Куликовская
205 _aРепр. изд. 1860 г.
206 _aБ. м-ба
210 _aСанкт-Петербург
_cАльфарет
_d2012
215 _a1 атл. (6 с., 24 разв. л.)
_c1 цв.
_d50х34 см, в футл. 53х37 см
300 _aОриг.: Journaux des sieges faits ou soutenus par les francais dans la Peninsule de 1807 a 1814 par J.Belmas. Atlas. - Paris: Imprimerie Imperiale, MDCCCLX
509 0 1 _7ca
_aПиренейский полуостров
_92635147
_3RU\NLR\auth_crt\551979
606 0 _aВойн Наполеоновских карты
_92178207
_3RU\NLR\auth_crt\66217
606 0 _aКарты-репродукции
_92177756
_3RU\NLR\auth_crt\6619
620 _aРоссия
702 1 _aБельма
_bЖак
_4070
702 1 _aКуликовская
_bЯ. С.
_4340
801 0 _aRU
_bNLR
_c20130328
_gPSBO
852 _aNLR
_bК
_j4-Исп 28/121
_m86325
942 _cMAP
980 _aNB